Loading...
| Religion | 1 | 2 | 0 | 1 | 35 | 53 | 101.67 | 3 | 3 | 0.00 | 0.00 |
| Other Academic | 1 | 1 | 0 | 0 | 25 | 34 | 68.00 | 2 | 2 | 0.00 | 0.00 |
| Social Science | 2 | 0 | 1 | 0 | 25 | 44 | 53.00 | 1 | 2 | 0.00 | 0.00 |
| Science - Biology | 1 | 1 | 0 | 1 | 25 | 64 | 81.50 | 1 | 2 | 0.00 | 0.00 |
| Literature - American | 1 | 1 | 0 | 0 | 25 | 49 | 62.50 | 2 | 2 | 0.00 | 0.00 |
| Fine Arts - Visual | 0 | 2 | 0 | 2 | 20 | 115 | 126.50 | 1 | 2 | 0.00 | 0.00 |
| Science - Physics | 0 | 2 | 0 | 0 | 20 | 81 | 89.00 | 0 | 2 | 0.00 | 0.00 |
| Mythology | 0 | 3 | 2 | 1 | 20 | 67 | 91.67 | 3 | 3 | 0.00 | 0.00 |
| Science - Other | 1 | 0 | 0 | 0 | 15 | 36 | 36.00 | 1 | 1 | 0.00 | 0.00 |
| Current Events | 1 | 0 | 1 | 0 | 10 | 34 | 34.00 | 1 | 1 | 0.00 | 0.00 |
| Fine Arts - Auditory | 1 | 0 | 1 | 0 | 10 | 67 | 67.00 | 1 | 1 | 0.00 | 0.00 |
| Geography | 0 | 1 | 0 | 0 | 10 | 126 | 126.00 | 1 | 1 | 0.00 | 0.00 |
| History - American | 0 | 1 | 0 | 0 | 10 | 92 | 92.00 | 1 | 1 | 0.00 | 0.00 |
| History - Ancient | 0 | 1 | 0 | 0 | 10 | 97 | 97.00 | 1 | 1 | 0.00 | 0.00 |
| History - European | 1 | 0 | 1 | 0 | 10 | 48 | 48.00 | 1 | 1 | 0.00 | 0.00 |
| Literature - British | 0 | 1 | 0 | 0 | 10 | 101 | 101.00 | 0 | 1 | 0.00 | 0.00 |
| Science - Chemistry | 0 | 1 | 0 | 0 | 10 | 105 | 105.00 | 1 | 1 | 0.00 | 0.00 |
| Literature - European | 0 | 0 | 1 | 0 | -5 | 0.00 | 0 | 0 | 0.00 | 0.00 | |
| Philosophy | 0 | 0 | 2 | 0 | -10 | 0.00 | 0 | 0 | 0.00 | 0.00 |